00466nam a2200181Ia 4500008004100000020001800041050001600059100002200075245002800097245006500125260001500190260001600205260000900221300001600230300002000246300001000266500000800276170918s9999 xx 000 0 und d a9780590453157 bH521mi 1947 aHenry, Marguerite aMisty of Chincoteague / cby Marguerite Henry ; inside illustrations by Wesley Dennis. aNew York : bScholastic, c1947 a157 pages : billustrations ; c19cm. a750